| 000 | 00708nam a2200193 a 4500 | ||
|---|---|---|---|
| 001 | 1381 | ||
| 003 | CDMR | ||
| 005 | 20131212115153.0 | ||
| 008 | 130130s2007||||| |||||||||||||||||spa|d | ||
| 040 |
_aCDMR _bcat _cCDMR |
||
| 245 | 0 | 0 |
_aCiclos de conferencias 2004-2005 en la Casa Encendida _b: [Globalización y medios de comunicación] |
| 260 |
_aValencia _bLe Monde Diplomatique, edición española _cDL 2007 |
||
| 300 |
_a95 p. _c30 cm |
||
| 650 | 0 | 4 |
_92757 _aMitjans de comunicació de massa _xAspectes socials |
| 650 | 0 | 4 |
_93820 _aConflictes socials en els mitjans de comunicació de massa |
| 650 | 0 | 4 |
_93243 _aMitjans de comunicació de massa _xManipulació |
| 650 | 0 | 4 |
_93350 _aGlobalització |
| 942 |
_cMON _2udc |
||
| 999 |
_c1381 _d1381 |
||